Score 0/15 Timer 05:00
0 Plays Today
Hints % Correct
Masterful Muta/Scourge Control/Good ZvZJaedong
89.6%
The Utlimate WeaponFlash
89.6%
Girl ProgamerTossGirl
80.2%
Terran who won a Golden MouseNaDa
78.2%
Ninja TossBisu
75.3%
So many second place medalsYellow
74%
Zerg who won a Golden Mouse JulyZerg
72.4%
DinoTossStork
72.4%
Hints % Correct
Zerg BonjwasAviOr
72.1%
Boxer's Protégéiloveoov
67.9%
Mad dancing skillsFireBatHero
62%
Popularized Mech versus ZergFantasy
61%
ManTossReach
60.7%
The EmperorSlayerS_'BoxeR'
56.2%
The DreamerNal_rA
50%

You're not logged in!

Compare scores with friends on all Sporcle quizzes.
OR
Log In

Sporcle TV

Today on Sporcle TV


Watch our educational content, quiz creation guides, and fun videos on Sporcle TV.

Show Comments

Extras

Created Sep 29, 2009ReportNominate
Tags:starcraft

Top Quizzes Today


Score Distribution

Paid Content

Your Account Isn't Verified!

In order to create a playlist on Sporcle, you need to verify the email address you used during registration. Go to your Sporcle Settings to finish the process.

Report this User

Report this user for behavior that violates our Community Guidelines.

Details: